Statistiken für Meine Top 5 K-Pop Groups

Klicken Sie hier um das Quiz zu spielen!

Allgemein

  • Dieses Quiz wurde 154 mal gespielt
  • Das Durchschnittsergebnis liegt bei 3 aus 5

Antwortstatistiken

RangK-Pop Gruppe% Korrekt
3BTS
99%
1BLACKPINK
95%
2Twice
75%
5Red Velvet
42%
4Girls Generation
16%

Verteilung der Resultate

Perzentil nach korrekt beantworteten Fragen

Anzahl Personen mit jedem Resultat

Ihre Resultats-Entwicklung

Sie haben dieses Quiz noch nicht gespielt